Films avec Louis de Funès - Mort subite - Statistiques

Statistiques générales
  • Ce quiz a été pris 84 975 fois
  • Le résultat moyen est 11 sur 20
Answers on the Grid
Answers color-coded by a green-red scale on the quiz's grid according to % correct below.
Fantomas
Le Corniaud
Le Gendarme de Saint-Tropez
Le Grand Restaurant
La Grande Vadrouille
Oscar
Les Grandes Vacances
Le Petit Baigneur
Le Tatoué
Hibernatus
Jo
Les Aventures de Rabbi Jacob
L’Aile ou la Cuisse
La Zizanie
L’Avare
La Soupe aux choux
Banzaï
Pouic-Pouic
Faites sauter la banque !
La Traversée de Paris
La Folie des grandeurs
Le Dîner de cons
Le père Noël est une ordure
La Cité de la peur
Les Bronzés font du ski
Les Sous-doués
Papy fait de la résistance
La Piscine
Le Cercle rouge
Le Jambon
Le Crocodile
Mais où est donc passée la septième compagnie ?
 
Statistiques - réponses
Réponse % Correct
La Soupe aux choux
78%
Le Gendarme de Saint-Tropez
78%
La Grande Vadrouille
76%
Les Aventures de Rabbi Jacob
75%
L’Aile ou la Cuisse
73%
Fantomas
70%
La Folie des grandeurs
67%
L’Avare
67%
Le Corniaud
65%
Le Grand Restaurant
60%
Hibernatus
55%
La Zizanie
49%
Le Petit Baigneur
48%
Oscar
44%
Pouic-Pouic
35%
La Traversée de Paris
34%
Le Tatoué
32%
Les Grandes Vacances
31%
Jo
30%
Faites sauter la banque !
20%
Aucun quiz correspondant
Distribution des résultats
% des personnes avec chaque résultat
Percentile par nombre de réponses
Votre historique - résultats
Vous n’avez pas pris ce quiz